Složité systémy : Postgraduální studium

Na minha lista:
Detalhes bibliográficos
Autor principal: Starý, Ivan (Author)
Formato: Livro
Idioma:tcheco
Publicado em: Praha : České vysoké učení technické v Praze, 1985
Edição:1. vyd.
Tags: Adicionar Tag
Sem tags, seja o primeiro a adicionar uma tag!

MARC

LEADER 00000nam a22000003a 4500
001 stu25708
005 20150617225701.0
008 980521s1985------------------------cze-d
040 |a STU  |b slo 
041 0 |a cze 
100 1 |a Starý, Ivan  |4 aut 
245 1 |a Složité systémy :  |b Postgraduální studium 
250 |a 1. vyd. 
260 |a Praha :  |b České vysoké učení technické v Praze,  |c 1985 
300 |a 75 s 
996 |b 284ES17331  |c E*S-25308  |l EE01  |s A  |a 24  |w stu25708_0001 
996 |b 284ES17329  |c E*S-25309  |l EE01  |s A  |a 24  |w stu25708_0002 
996 |b 284ES17330  |c E*S-25307  |l EE01  |s A  |a 24  |w stu25708_0003